Villes traversées par l'autoroute A89 - la transeuropéenne - Statistiques

Statistiques générales
  • Ce quiz a été pris 40 fois
  • Le résultat moyen est 9 sur 13
Statistiques - réponses
ville population kilomètre % Correct
Clermont-Ferrand 150 443 397
100%
Lyon 526 964 545
100%
Bordeaux 268 138 0
97%
Brive-la-Gaillarde 46 599 184
88%
Périgueux 29 516 118
88%
Libourne 24 557 22
82%
Tulle 13 992 218
82%
Riom 18 736 371
68%
Thiers 11 563 432
68%
Ussel 10 245 273
59%
Tarare 10 428 515
44%
Cenon 28 001 1
38%
Pont-du-Château 13 339 408
15%
Aucun quiz correspondant
Distribution des résultats
% des personnes avec chaque résultat
Percentile par nombre de réponses
Votre historique - résultats
Vous n’avez pas pris ce quiz